Trabajos del 2º congreso latinoamericano de control automático = 10º Simposio nacional de control automático, Buenos Aires, Argentina 13-17 octubre de 1986 /
Guardado en:
| Autores Corporativos: | , |
|---|---|
| Otros Autores: | |
| Formato: | Libro |
| Idioma: | Spanish |
| Publicado: |
Buenos Aires :
Asociación Argentina de Control Automático (AADECA),
[1986]
|
| Materias: | |
| Etiquetas: |
Agregar Etiqueta
Sin Etiquetas, Sea el primero en etiquetar este registro!
|
| LEADER | 01183nam a22002295a 4500 | ||
|---|---|---|---|
| 001 | EIQ.libpla001376 | ||
| 008 | 060919s1986####ag#a#####b####100#0#spa#d | ||
| 005 | 20060919174638.0 | ||
| 245 | 1 | 0 | |a Trabajos del 2º congreso latinoamericano de control automático = |b 10º Simposio nacional de control automático, Buenos Aires, Argentina 13-17 octubre de 1986 / |c editor Juan P. Weisz. |
| 260 | |a Buenos Aires : |b Asociación Argentina de Control Automático (AADECA), |c [1986] | ||
| 300 | |a 3v. : |b il. ; |c 28 cm. | ||
| 500 | |a Español, inglés o portugués. | ||
| 504 | |a Incluye referencias bibliográficas. | ||
| 111 | 2 | |a Congreso Latinoamericano de Control Automático |n (2º : |d 1986 : |c Buenos Aires, Argentina) | |
| 700 | 1 | |a Weisz, Juan P. |q (Juan Pedro) | |
| 711 | 2 | |a Simposio Nacional de Control Automático |n (10º : |d 1986 : |c Buenos Aires, Argentina) | |
| 650 | 4 | |a Control automático |x Congresos. | |
| 650 | 4 | |a Automatic control |x Congresses. | |
| 040 | |a AR-BbSID |b spa |c AR-BbSID | ||
| 859 | |a AR-BbSID |b BIB. PLAPIQUI |h 629.8 |i C 62 |p 4545 |v Vol. 1 |3 Vol. 1 | ||
| 859 | |a AR-BbSID |b BIB. PLAPIQUI |h 629.8 |i C 62 |p 4546 |v Vol. 2 |3 Vol. 2 | ||
| 859 | |a AR-BbSID |b BIB. PLAPIQUI |h 629.8 |i C 62 |p 4547 |v Vol. 3 |3 Vol. 3 | ||
